| 000 | 01109nam a2200253 i 4500 | ||
|---|---|---|---|
| 001 | 187535 | ||
| 003 | ES-MaACL | ||
| 005 | 20240129115700.0 | ||
| 008 | 171120s1986 sp af |||| | spa d | ||
| 020 | _a84-7491-185-0 | ||
| 080 | _a904(37:462.11 Campo de Villavidel) | ||
| 080 | _a738.5.032.77(460.181 Campo de Villavidel) | ||
| 245 | 0 | 3 |
_aLa villa romana de Campo de Villavidel (León) : _barqueología, simetría, color, petrografía de mosaicos / _cpor F. Mingarro Martín ... [et al.]. |
| 260 |
_aMadrid : _bUniversidad Complutense, _c[1986] _aLeón : _bUniversidad de León. |
||
| 300 |
_a103 p., [13] p. de lám. col. : _bil. ; _c21 cm. |
||
| 504 | _aBibliografía: p. [101]-103. | ||
| 650 | 4 |
_aMosaicos romanos- _zCampo de Villavidel. _9164018 |
|
| 651 | 4 |
_aCampo de Villavidel- _xRestos arqueológicos romanos. _9164019 |
|
| 651 | 4 |
_aLeón (Provincia)- _xRestos arqueológicos. _9162260 |
|
| 700 | 1 |
_aMingarro Martín, Francisco. _981329 |
|
| 852 |
_aES-MaACL _jA-14076 _9194614 _bR.129640 _cDEPO1 _dOlim: N-7076 |
||
| 942 |
_2udc _cMONOGRAFIA |
||
| 999 |
_c187535 _d187535 |
||